Guess the Taylor Swift Song (no hints) 130 - Statistics

General Stats
  • This quiz has been taken 83 times
  • The average score is 285 of 402
Answer Stats
Answer % Correct
I
100%
(I)
100%
a
98%
the
98%
you
97%
You
97%
(you
97%
And
93%
on
91%
we
91%
be
90%
it
90%
it?
90%
in
88%
me
88%
me)
88%
your
88%
to
86%
by
84%
no
84%
do,
83%
I'm
83%
at
81%
But
81%
but
81%
for
81%
is
81%
it's
81%
(it's
81%
(It's
81%
like
81%
Like
81%
(Like
81%
all
79%
are
79%
Are
79%
what
79%
my
78%
My
78%
This
78%
this
78%
don't
76%
(don't)
76%
of
76%
One
76%
been
74%
so
74%
time
74%
just
72%
that
72%
would
72%
Can
71%
can't
71%
(can't)
71%
Now
71%
out
71%
from
69%
never
69%
down,
67%
down)
67%
I've
67%
night,
67%
was
67%
did
66%
beach
64%
beach?
64%
beach)
64%
have
64%
snow
64%
snow,
64%
(Snow
64%
(snow
64%
could've
62%
saw
62%
thing?
62%
dream,
60%
dream)
60%
fuckin'
60%
beautiful
59%
comin'
59%
(Comin'
59%
once
59%
won
59%
even
57%
few
57%
oh,
57%
oh
57%
Weird
57%
ago
55%
eyes
55%
feels
55%
moons
55%
make
53%
real
53%
seen
53%
around
52%
impossible
52%
might
52%
pocketful
52%
tonight
52%
falling
50%
Flying
50%
flying
50%
(flying
50%
someone
50%
screen
48%
stars
48%
fine
47%
scene
47%
'til
47%
'Til
47%
wanting
47%
abusive
45%
another
45%
emotionally
45%
fake
45%
hide
45%
Life
45%
quite
45%
smile
45%
true
45%
wish
45%
asking
43%
contest
43%
dishonest
43%
Janet
43%
lights
43%
planet
43%
sound,
43%
within
43%
dare
41%
Passing
41%
searched
41%
thanks
41%
aurora
40%
flight
40%
stop
40%
awful,
38%
lit
38%
speak
38%
unbeknownst
38%
unglued,
38%
afraid
36%
Blurring
36%
green
36%
jinx
36%
saucers
36%
borealis
34%
periphery
34%
flecks
33%
No matching quizzes found
Score Distribution
Percent of People with Each Score
Percentile by Number Answered
Your Score History
You have not taken this quiz